Superhero Team Founders - Statistics

General Stats
  • This quiz has been taken 490 times
    482 since last reset
  • The average score is 21 of 33
Answer Stats
The Avengers % Correct
Iron Man
97%
Batman
96%
Superman
95%
Wonder Woman
93%
Hulk
90%
Hulk
90%
Robin
90%
Flash
86%
Flash
86%
Thor
86%
Beast
83%
Professor X
83%
Cyclops
82%
Green Lantern
82%
Green Lantern
82%
Aquaman
81%
Martian Manhunter
69%
Antman
67%
The Wasp
58%
Iceman
57%
Marvel Girl
56%
Angel
50%
Kid Flash
44%
Hawkman
43%
Doctor Strange
39%
Aqualad
37%
Wonder Girl
35%
Atom
30%
Namor
30%
Doctor Fate
27%
Hourman
22%
Sandman
20%
Spectre
16%
No matching quizzes found
Score Distribution
Percent of People with Each Score
Percentile by Number Answered
Your Score History
You have not taken this quiz since the last reset